Antropología de la esperanza

Salvato in:
Dettagli Bibliografici
Autore principale: Laín Entralgo, Pedro (Autore)
Natura: Libro
Lingua:spagnolo
Pubblicazione: Madrid Labor 1978
Serie:Colección Punto Omega
Soggetti:
Tags: Aggiungi Tag
Nessun Tag, puoi essere il primo ad aggiungerne!!

MARC

LEADER 00000nam a2200000 a 4500
001 UCT7274
003 CL-VaPUC
008 970117e19780000SP |||||||||||||||||spa|d
082 0 4 |a 111  |b LAI  |2 21 
100 |a Laín Entralgo, Pedro  |e author  |9 587753 
245 1 0 |a Antropología de la esperanza 
300 |a 303 p 
942 |c BK 
945 |d 19970117 00:00:00  |a rbrito 
260 |a Madrid  |b Labor  |c 1978 
650 0 |a Aspiración   |9 338192 
650 0 |a Motivación   |9 315362 
650 0 |a Ambición  |9 343107 
650 0 |a Ontología   |9 256850 
583 |a last modification  |c 19970117 00:00:00  |k Rodrigo Vera 
490 0 |a Colección Punto Omega 
999 |c 255913  |d 255911 
952 |0 0  |1 1  |2 ddc  |4 0  |6 111_000000000000000_LAI_1978  |7 0  |8 A  |9 278399  |a BIBTEO  |b BIBTEO  |d 2019-11-19  |i 2010348  |o 111 LAI 1978  |p 2010348  |r 2019-11-19  |w 2019-11-19  |y BK  |k ICR